Retailové bankovníctvo bakalárska práca

Na minha lista:
Detalhes bibliográficos
Autor principal: Toporová, Mária
Autor Corporativo: Národohospodárska fakulta EU. Katedra bankovníctva a medzinárodných financií
Outros Autores: Dudáková, Nina
Formato: Livro
Idioma:eslovaco
Publicado em: Bratislava 2011
Tags: Adicionar Tag
Sem tags, seja o primeiro a adicionar uma tag!

MARC

LEADER 00000nam a2200000 4500
001 0155067
005 20240320072144.4
041 0 |a slo 
044 |a SK 
245 1 0 |a Retailové bankovníctvo  |b bakalárska práca  |c Mária Toporová ; školiteľ: Nina Dudáková 
264 1 |a Bratislava  |c 2011 
300 |a 50 s. 
100 1 |a Toporová, Mária 
700 1 |a Dudáková, Nina 
710 2 |a Národohospodárska fakulta EU. Katedra bankovníctva a medzinárodných financií